| 000 | 01806nam a2200385Ia 4500 | ||
|---|---|---|---|
| 001 | dia_2343 | ||
| 003 | CHAP | ||
| 005 | 20240219091427.0 | ||
| 007 | ta | ||
| 008 | 220117s1999 mx abd f 001 0 spa d | ||
| 040 |
_cCHAP _amxchpua |
||
| 090 |
_aT.C.285 _bP47 IAI _c1999 |
||
| 245 | 1 | 0 |
_aReporte del viaje de estudio de la región del Valle de Apatzingán / _ccoordinador Fernando Pérez Pelayo ; colaboradores Guadalupe Alonso Carrillo...[et al.] |
| 260 |
_aMéxico : _bEl autor, _c1999 |
||
| 300 |
_a90 hojas : _bilustraciones, tablas, gráficas, mapas |
||
| 336 |
_2rdacontent _atexto _btxt |
||
| 337 |
_2rdamedia _asin medio _bn |
||
| 338 |
_2rdacarrier _avolumen _bnc |
||
| 500 | _aGrado : 5° año Grupo : A | ||
| 502 |
_aViaje de Estudios _b(IAI) -- _cUACh. Departamento de Ingeniería Agroindustrial, _d1999 |
||
| 504 | _aBibliografía : hoja 90 | ||
| 505 | _tEmpresas visitadas: -- 1. FIRA -- 2. SECOFI -- 3. BANRURAL -- 4. INIFAP -- 5. Industrias Oken -- 6. SAGAR -- 7. Empacadora de limón Hermanos Hernández -- 8. Empacadora de limón Grupo Agrícola Campher, S. P .R. -- 9. Comisión Nacional del Agua -- 10. H. Ayuntamiento Municipal de Apatzingán -- 11. Coordinación de Desarrollo Regional -- 12. Vivero Municipal -- 13. Tianguis Municipal de Limón | ||
| 650 | 1 | 3 |
_aAgricultura _x _9151468 _zMéxico _zMichoacán |
| 650 | 1 | 3 |
_aLimón _966813 |
| 650 | 1 | 3 |
_aAgriculture _x _9151470 _zMexico _zMichoacán |
| 650 | 1 | 3 |
_aLemons _9148301 |
| 700 | 1 |
_aPérez Pelayo, Fernando _ecoordinador _9147691 |
|
| 700 | 1 |
_aAlonso Carrillo, María Guadalupe _94566 _ecolaboradora |
|
| 901 | _aT.C.285 P47 IAI 1999 | ||
| 902 | _aM | ||
| 905 | _a5332271999 MX BN 8223123322SPA16 | ||
| 942 | _2local | ||
| 942 | _cVE | ||
| 999 |
_c172865 _d172865 |
||